Loading...
| Science - Physics | 0 | 4 | 0 | 1 | 40 | 124 | 128.50 | 0 | 3 |
| History - American History | 1 | 3 | 1 | 0 | 40 | 57 | 88.25 | 1 | 3 |
| History - European History | 1 | 2 | 0 | 0 | 35 | 47 | 78.00 | 1 | 3 |
| Science - Chemistry | 0 | 3 | 0 | 0 | 30 | 79 | 107.67 | 1 | 1 |
| Beliefs | 0 | 3 | 0 | 1 | 30 | 113 | 134.00 | 0 | 1 |
| Auditory Arts | 0 | 3 | 1 | 1 | 25 | 91 | 115.00 | 0 | 2 |
| Visual Arts | 0 | 2 | 0 | 0 | 20 | 129 | 129.50 | 0 | 0 |
| Current Events | 0 | 2 | 0 | 0 | 20 | 78 | 91.00 | 0 | 1 |
| History - World History | 0 | 2 | 0 | 2 | 20 | 123 | 128.00 | 0 | 1 |
| Science - Biology | 0 | 2 | 0 | 1 | 20 | 117 | 119.50 | 1 | 1 |
| Science - Other Science | 0 | 2 | 0 | 0 | 20 | 77 | 79.00 | 1 | 2 |
| Fine Arts - Other Arts | 1 | 0 | 0 | 0 | 15 | 60 | 60.00 | 1 | 1 |
| Social Science | 0 | 1 | 0 | 0 | 10 | 113 | 113.00 | 0 | 0 |
| History - Other History | 0 | 1 | 0 | 0 | 10 | 112 | 112.00 | 0 | 0 |
| Geography | 0 | 1 | 0 | 0 | 10 | 80 | 80.00 | 0 | 1 |
| Other Academic | 0 | 1 | 0 | 0 | 10 | 62 | 62.00 | 0 | 1 |
| Literature - European Literature | 0 | 0 | 1 | 0 | -5 | 0.00 | 0 | 0 |